Statistiques concernant Cliquez sur le bon vainqueur de la LDC dans l'ordre

Cliquez ici pour prendre le quiz!

Statistiques générales

  • Ce quiz a été pris 123 fois
  • Le résultat moyen est 20 sur 68

Statistiques - réponses

HintRéponse% Correct
1956Real Madrid
74%
1958Real Madrid
73%
1957Real Madrid
72%
1959Real Madrid
70%
1960Real Madrid
65%
2017Real Madrid
57%
2022Real Madrid
56%
2018Real Madrid
56%
2023Manchester City
54%
2016Real Madrid
54%
2014Real Madrid
48%
2020Bayern Munich
46%
2002Real Madrid
45%
2019Liverpool
44%
1993Olympique de Marseille
44%
2015FC Barcelone
43%
2021Chelsea
42%
2009FC Barcelone
40%
2011FC Barcelone
39%
2013Bayern Munich
38%
2012Chelsea
38%
2008Manchester United
37%
2010Inter
33%
2000Real Madrid
33%
1998Real Madrid
32%
2007AC Milan
31%
1961Benfica
30%
2006FC Barcelone
30%
1962Benfica
28%
2004FC Porto
28%
2005Liverpool
27%
2003AC Milan
25%
1994AC Milan
25%
1999Manchester United
25%
1966Real Madrid
25%
1997Borussia Dortmund
24%
1991Étoile Rouge de Belgrade
21%
1976Bayern Munich
20%
1992FC Barcelone
20%
2001Bayern Munich
19%
1990AC Milan
18%
1995Ajax
17%
1979Nottingham Forest
17%
1980Nottingham Forest
17%
1973Ajax
16%
1975Bayern Munich
16%
1996Juventus
16%
1972Ajax
15%
1974Bayern Munich
15%
1989AC Milan
14%
1988PSV Eindhoven
14%
1969AC Milan
13%
1971Ajax
12%
1982Aston Villa
12%
1967Celtic
12%
1985Juventus
12%
1978Liverpool
12%
1986Steaua Bucarest
12%
1963AC Milan
11%
1968Manchester United
11%
1965Inter
10%
1977Liverpool
10%
1983Hambourg SV
9%
1987FC Porto
8%
1970Feyenoord
8%
1964Inter
8%
1984Liverpool
8%
1981Liverpool
7%

Distribution des résultats

Percentile par nombre de réponses

% des personnes avec chaque résultat

Votre développement - résultats

Vous n’avez pas pris ce quiz